[Event "Namangan op"]
[Site "Namangan"]
[Date "2025.06.02"]
[Round "7"]
[White "Bozorov, Javokhir"]
[Black "Shamsuddin, Sayyid Usmon"]
[Result "1-0"]
[WhiteElo "2093"]
[BlackElo "2160"]
[PlyCount "81"]
[EventDate "2025.05.29"]
[EventType "swiss"]
[EventRounds "9"]
[EventCountry "UZB"]
[SourceTitle "CB23_2025"]
[SourceDate "2025.06.04"]
[SourceVersion "1"]
[SourceVersionDate "2025.06.04"]
[SourceQuality "1"]

1. e4 c6 2. Nc3 d5 3. d4 dxe4 4. Nxe4 Nf6 5. Nxf6+ exf6 6. c3 Bd6 7. Bd3 0-0 8. Ne2 Qc7 9. Qc2 h5 10. Be3 Re8 11. h3 Be6 12. 0-0 Nd7 13. c4 Nf8 14. Kh1 Rad8 15. c5 Be7 16. Nf4 h4 17. Rad1 Qc8 18. b4 f5 19. d5 Bxd5 20. Bxf5 Be6 21. Nxe6 Nxe6 22. Qc4 Rxd1 23. Rxd1 Rd8 24. Rxd8+ Bxd8 25. Bf4 Bf6 26. Bd6 Qe8 27. Qe4 g6 28. Bg4 Bc3 29. Qc4 Bf6 30. Qe2 Bc3 31. a3 a5 32. bxa5 Bxa5 33. Qb2 Ng5 34. Qxb7 f5 35. Qb3+ Kh7 36. Bf3 Qe1+ 37. Kh2 Bc3 38. Bxc6 Be5+ 39. f4 Bc3 40. Qb7+ Kh8 41. Qb8+ 1-0

[Event "Namangan op"]
[Site "Namangan"]
[Date "2025.06.01"]
[Round "6"]
[White "Mamatkulova, Maftuna"]
[Black "Bozorov, Javokhir"]
[Result "0-1"]
[WhiteElo "1907"]
[BlackElo "2093"]
[PlyCount "106"]
[EventDate "2025.05.29"]
[EventType "swiss"]
[EventRounds "9"]
[EventCountry "UZB"]
[SourceTitle "CB23_2025"]
[SourceDate "2025.06.04"]
[SourceVersion "1"]
[SourceVersionDate "2025.06.04"]
[SourceQuality "1"]

1. d4 Nf6 2. Nf3 d5 3. c4 e6 4. Nc3 Be7 5. Bg5 h6 6. Bh4 0-0 7. e3 b6 8. cxd5 Nxd5 9. Bxe7 Qxe7 10. Bd3 Bb7 11. 0-0 Nd7 12. Rc1 c5 13. Bb1 cxd4 14. Qxd4 Nxc3 15. Rxc3 Bxf3 16. gxf3 Nc5 17. b4 Rad8 18. Qc4 Nb7 19. Kh1 Nd6 20. Qf4 e5 21. Qg3 f5 22. Rfc1 Rd7 23. Rc6 Rf6 24. a3 Qe6 25. R6c2 Kh7 26. Ba2 Qe8 27. Bd5 Re7 28. Rg1 Qb5 29. e4 Qd3 30. Rc6 Qxa3 31. exf5 Qxb4 32. Be6 Qa3 33. h4 g6 34. fxg6+ Kg7 35. Bd5 Qd3 36. Rxd6 Rxd6 37. Be4 Qd2 38. Rb1 Rf6 39. Rb5 Qd6 40. Rd5 Qe6 41. Rd8 Re8 42. Rd5 Rf4 43. Kg2 Qf6 44. Rd7+ Re7 45. Rd8 Qxh4 46. Bd5 Qxg3+ 47. fxg3 Rf8 48. Rd6 Rf6 49. Rd8 Rxg6 50. g4 Rf6 51. Kg3 Rf8 52. Rd6 b5 53. Be4 Rf6 0-1

[Event "Namangan op"]
[Site "Namangan"]
[Date "2025.05.31"]
[Round "4"]
[White "Abdukayumov, Alisher"]
[Black "Bozorov, Javokhir"]
[Result "0-1"]
[WhiteElo "1913"]
[BlackElo "2093"]
[PlyCount "104"]
[EventDate "2025.05.29"]
[EventType "swiss"]
[EventRounds "9"]
[EventCountry "UZB"]
[SourceTitle "CB23_2025"]
[SourceDate "2025.06.04"]
[SourceVersion "1"]
[SourceVersionDate "2025.06.04"]
[SourceQuality "1"]

1. d4 Nf6 2. c4 e6 3. g3 Bb4+ 4. Bd2 Be7 5. Nf3 d5 6. Bg2 c6 7. Qc2 0-0 8. 0-0 b5 9. cxb5 cxb5 10. Bg5 Bb7 11. Nbd2 Nbd7 12. Bxf6 Bxf6 13. Rfc1 Rc8 14. Qd3 Qb6 15. h4 g6 16. h5 b4 17. Nf1 Bg7 18. N1h2 Nf6 19. hxg6 hxg6 20. Ne5 Rfd8 21. e3 a5 22. Bf1 Ne4 23. Nhf3 Nd6 24. Qd1 Ba6 25. Bxa6 Qxa6 26. Qf1 Qb7 27. Rxc8 Rxc8 28. Rc1 Bf8 29. Nd2 a4 30. Qd1 a3 31. bxa3 bxa3 32. Rxc8 Qxc8 33. Nb3 Qc3 34. Qd2 Qb2 35. Nd3 Qb1+ 36. Ndc1 Ne4 37. Qd3 Qb2 38. Qe2 Nc3 39. Qd2 Nxa2 40. Nxa2 Qxb3 41. Kf1 Bd6 42. f4 Bc7 43. g4 Qb5+ 44. Qe2 Qb2 45. g5 Ba5 46. Kf2 Bd2 47. Kf3 Qxa2 48. Qb5 Qc4 49. Qb8+ Kg7 50. Qe5+ Kh7 51. f5 Qf1+ 52. Kg4 exf5+ 0-1

[Event "Namangan op"]
[Site "Namangan"]
[Date "2025.05.30"]
[Round "2"]
[White "Utegaliev, Azamat"]
[Black "Bozorov, Javokhir"]
[Result "0-1"]
[WhiteElo "2440"]
[BlackElo "2093"]
[PlyCount "159"]
[EventDate "2025.05.29"]
[EventType "swiss"]
[EventRounds "9"]
[EventCountry "UZB"]
[SourceTitle "CB23_2025"]
[SourceDate "2025.06.04"]
[SourceVersion "1"]
[SourceVersionDate "2025.06.04"]
[SourceQuality "1"]

1. e4 c5 2. Nf3 d6 3. d4 cxd4 4. Qxd4 Nf6 5. Be2 Nc6 6. Qe3 Bg4 7. 0-0 g6 8. Rd1 Qb6 9. Qxb6 axb6 10. Nc3 Bg7 11. Be3 Nb4 12. Rd2 Nd7 13. Nd4 Bxe2 14. Ndxe2 0-0 15. a3 Nc6 16. Rb1 Nde5 17. Rdd1 Nc4 18. Bc1 Rfc8 19. Nd5 Kf8 20. c3 b5 21. Ne3 N6a5 22. Nc2 Nb3 23. f3 e6 24. Kf2 Ke7 25. Bg5+ Bf6 26. Bxf6+ Kxf6 27. Ke1 Rc5 28. Ned4 Nxd4 29. Nxd4 Ke7 30. Kf2 Ra6 31. Re1 Kf6 32. Re2 g5 33. Rh1 h6 34. h4 Ra8 35. g3 Kg6 36. hxg5 hxg5 37. Ke1 Ne5 38. Reh2 Kf6 39. Ke2 Nc4 40. Rh6+ Ke7 41. Nxe6 Rcc8 42. Nd4 Nxb2 43. Nf5+ Kd7 44. Rxd6+ Kc7 45. Rf6 Kb8 46. Nd6 Rd8 47. Nxf7 Rf8 48. Rb1 Nc4 49. Rb3 Nxa3 50. f4 gxf4 51. gxf4 Nc4 52. Rxb5 Ra2+ 53. Kd3 Rc8 54. e5 Nb2+ 55. Rxb2 Rxb2 56. Nd6 Rc6 57. c4 Rb1 58. Ke4 Ka7 59. Rf7 Ka6 60. Kf5 Rf1 61. Rd7 Kb6 62. Rxb7+ Kc5 63. Rf7 Kd4 64. Ke6 Rc5 65. Rd7 Ke3 66. f5 Kf4 67. Nf7 Rxc4 68. f6 Re1 69. Rd5 Rce4 70. Ra5 R1e2 71. Ra1 Re1 72. Ra8 Rb1 73. Ra5 Rbe1 74. Rc5 R1e2 75. Rc8 Ra2 76. Rc6 Ra7 77. Rc5 Ra6+ 78. Nd6 Kg5 79. f7 Rf4 80. Rc8 0-1

[Event "Titled Tuesday intern op 01st Apr Early"]
[Site "Chess.com INT"]
[Date "2025.04.01"]
[Round "11"]
[White "Bozorov, Javokhir"]
[Black "Brewer, Callum D"]
[Result "1-0"]
[WhiteElo "2236"]
[BlackElo "2160"]
[PlyCount "91"]
[EventDate "2025.04.01"]
[EventType "swiss (blitz)"]
[EventRounds "11"]
[EventCountry "USA"]
[SourceTitle "CB15_2025"]
[SourceDate "2025.04.09"]
[SourceVersion "1"]
[SourceVersionDate "2025.04.09"]
[SourceQuality "1"]

1. b3 e5 2. Bb2 Nc6 3. e3 Nf6 4. Bb5 e4 5. Ne2 a6 6. Bxc6 dxc6 7. 0-0 Bg4 8. h3 Bh5 9. Qe1 Bd6 10. Ng3 Bg6 11. Nc3 Qe7 12. a4 h5 13. Nge2 Bf5 14. Nd4 Bd7 15. f3 c5 16. Nde2 exf3 17. Rxf3 Bc6 18. e4 0-0-0 19. d3 Be5 20. Kh1 g5 21. Rf5 g4 22. h4 g3 23. Rd1 Ng4 24. Rg5 Bf6 25. Bc1 Nf2+ 26. Kg1 Nxd1 27. Nxd1 Bxg5 28. Bxg5 f6 29. Bf4 Rhg8 30. Ne3 Bd7 31. Nxg3 Bg4 32. Qf2 Qd7 33. Nd5 Qc6 34. Ne7+ Kd7 35. Nxc6 Kxc6 36. Be3 b6 37. Qxf6+ Kb7 38. Bf4 Rd7 39. e5 Re8 40. Ne4 Re6 41. Qg5 Rf7 42. Nf6 a5 43. Nxg4 hxg4 44. Qxg4 Ree7 45. h5 Rg7 46. Qf3+ 1-0

[Event "Titled Tuesday intern op 25th Mar Early"]
[Site "Chess.com INT"]
[Date "2025.03.25"]
[Round "11"]
[White "Bozorov, Javokhir"]
[Black "Myagmarsuren, Evsuld"]
[Result "0-1"]
[WhiteElo "2236"]
[BlackElo "2314"]
[PlyCount "110"]
[EventDate "2025.03.25"]
[EventType "swiss (blitz)"]
[EventRounds "11"]
[EventCountry "USA"]
[SourceTitle "CB14_2025"]
[SourceDate "2024.11.01"]
[SourceVersion "1"]
[SourceVersionDate "2024.11.01"]
[SourceQuality "1"]

1. Nf3 d5 2. d4 Nf6 3. g3 g6 4. Bg2 Bg7 5. 0-0 0-0 6. Nbd2 Bf5 7. c3 Ne4 8. Nxe4 Bxe4 9. Nd2 Bxg2 10. Kxg2 c5 11. dxc5 a5 12. Nf3 Na6 13. Be3 Rc8 14. Qb3 Nxc5 15. Bxc5 Rxc5 16. Qxb7 Qd6 17. Qb3 Rb8 18. Qa3 Rcb5 19. Qxd6 exd6 20. b3 Bxc3 21. Rac1 Bf6 22. Rfd1 a4 23. bxa4 Ra5 24. Rc2 Rb4 25. Rcd2 Rbxa4 26. Rxd5 Rxd5 27. Rxd5 Rxa2 28. Rxd6 Be7 29. Rd2 Rxd2 30. Nxd2 h5 31. e4 Kg7 32. Nc4 Kf6 33. f4 Bc5 34. Kf3 Ke6 35. Ne3 Ba7 36. h3 Bc5 37. g4 hxg4+ 38. hxg4 Ba7 39. e5 g5 40. Nf5 gxf4 41. Ke4 Bb8 42. Ng7+ Ke7 43. Nf5+ Ke6 44. Nd4+ Ke7 45. Kf5 Bc7 46. Nf3 Kd7 47. Kf6 Ke8 48. Ng5 Bd8+ 49. Kf5 Bxg5 50. Kxg5 f3 51. e6 f2 52. exf7+ Kxf7 53. Kh6 f1Q 54. g5 Qf5 55. Kh5 Qh3# 0-1

[Event "Titled Tuesday intern op 25th Mar Early"]
[Site "Chess.com INT"]
[Date "2025.03.25"]
[Round "7"]
[White "Gibala, Adam"]
[Black "Bozorov, Javokhir"]
[Result "1-0"]
[WhiteElo "2196"]
[BlackElo "2236"]
[PlyCount "49"]
[EventDate "2025.03.25"]
[EventType "swiss (blitz)"]
[EventRounds "11"]
[EventCountry "USA"]
[SourceTitle "CB14_2025"]
[SourceDate "2024.11.01"]
[SourceVersion "1"]
[SourceVersionDate "2024.11.01"]
[SourceQuality "1"]

1. Nf3 Nf6 2. c4 g6 3. d4 Bg7 4. Nc3 d6 5. e4 0-0 6. Bd3 Nbd7 7. h3 c5 8. d5 Ne8 9. Be3 Nc7 10. Qd2 Rb8 11. Bh6 a6 12. h4 Nf6 13. h5 Bg4 14. Bxg7 Kxg7 15. hxg6 fxg6 16. Qh6+ Kg8 17. Ng5 Rf7 18. Nxf7 Kxf7 19. e5 dxe5 20. Ne4 Nce8 21. Ng5+ Kg8 22. Nxh7 Ng7 23. Nxf6+ exf6 24. Qh7+ Kf8 25. Bxg6 1-0

[Event "Tashkent Agzamov Memorial 18th"]
[Site "Tashkent"]
[Date "2025.03.23"]
[Round "4"]
[White "Rakhmatullaev, Almas"]
[Black "Bozorov, Javokhir"]
[Result "1/2-1/2"]
[WhiteElo "2413"]
[BlackElo "2236"]
[PlyCount "97"]
[EventDate "2025.03.20"]
[EventType "swiss"]
[EventRounds "10"]
[EventCountry "UZB"]
[SourceTitle "CB14_2025"]
[SourceDate "2024.11.01"]
[SourceVersion "1"]
[SourceVersionDate "2024.11.01"]
[SourceQuality "1"]

1. Nf3 d5 2. b3 Bg4 3. e3 Nd7 4. h3 Bh5 5. Bb2 Ngf6 6. d3 c6 7. Nbd2 Qc7 8. Qe2 e5 9. g4 Bg6 10. Nh4 0-0-0 11. a3 Bd6 12. 0-0-0 Rhe8 13. Bg2 Kb8 14. Kb1 Nc5 15. Nxg6 hxg6 16. Rc1 Qe7 17. Ka2 Nfd7 18. Rhd1 f5 19. gxf5 gxf5 20. Nb1 e4 21. d4 Ne6 22. c4 dxc4 23. bxc4 Nf6 24. Bf1 Bc7 25. Rc3 c5 26. Rb3 Rd7 27. d5 Ng5 28. Nc3 Be5 29. Rb1 Nf7 30. a4 Qd8 31. Ba3 Bxc3 32. Rxc3 Qa5 33. Qc2 Nd6 34. Bb2 Nh7 35. Ra3 Nf8 36. Be2 g6 37. Bc3 Qc7 38. a5 a6 39. Qa4 Ka7 40. Rb6 Rdd8 41. Rab3 Nd7 42. Rb1 Ka8 43. R6b2 Re7 44. Rg1 Rg8 45. Rgb1 Rh7 46. Bf1 g5 47. Qd1 Rh4 48. Rb3 f4 49. exf4 1/2-1/2

[Event "Titled Tuesday intern op 11th Mar Early"]
[Site "Chess.com INT"]
[Date "2025.03.11"]
[Round "1"]
[White "Bozorov, Javokhir"]
[Black "Kezin, Roman"]
[Result "0-1"]
[WhiteElo "2236"]
[BlackElo "2478"]
[PlyCount "62"]
[EventDate "2025.03.11"]
[EventType "swiss (blitz)"]
[EventRounds "11"]
[EventCountry "USA"]
[SourceTitle "CB12_2025"]
[SourceDate "2025.03.19"]
[SourceVersion "1"]
[SourceVersionDate "2025.03.19"]
[SourceQuality "1"]

1. e4 Nc6 2. Nf3 d6 3. d4 Nf6 4. Bd3 g6 5. 0-0 Bg7 6. c3 0-0 7. Re1 e5 8. Nbd2 Nh5 9. Nc4 exd4 10. e5 d5 11. Ncd2 dxc3 12. bxc3 Re8 13. Bb5 Bd7 14. Bxc6 Bxc6 15. Ba3 b6 16. Nb3 Bb7 17. Qd2 c5 18. g4 d4 19. Ng5 Qd5 20. Ne4 Rxe5 21. f3 Nf6 22. c4 Qc6 23. Qf4 Nxe4 24. fxe4 Rxe4 25. Rxe4 Qxe4 26. Qxe4 Bxe4 27. Re1 Re8 28. g5 Bc6 29. Rxe8+ Bxe8 30. Nc1 Bd7 31. Bb2 Be6 0-1

[Event "Titled Tuesday intern op 11th Mar Early"]
[Site "Chess.com INT"]
[Date "2025.03.11"]
[Round "6"]
[White "Safarullakhan, Safin"]
[Black "Bozorov, Javokhir"]
[Result "1-0"]
[WhiteElo "2076"]
[BlackElo "2236"]
[PlyCount "48"]
[EventDate "2025.03.11"]
[EventType "swiss (blitz)"]
[EventRounds "11"]
[EventCountry "USA"]
[SourceTitle "CB12_2025"]
[SourceDate "2025.03.19"]
[SourceVersion "1"]
[SourceVersionDate "2025.03.19"]
[SourceQuality "1"]

1. e4 c5 2. Nf3 d6 3. d4 cxd4 4. Nxd4 Nf6 5. Nc3 a6 6. f3 e5 7. Nb3 Be6 8. Be3 Be7 9. Qd2 0-0 10. 0-0-0 b5 11. g4 Nbd7 12. h4 Nb6 13. h5 Nc4 14. Bxc4 bxc4 15. Na1 Nd7 16. g5 Rb8 17. g6 Qc7 18. h6 Qb7 19. gxh7+ Kh8 20. hxg7+ Kxg7 21. b3 Kh8 22. Rdg1 Bf6 23. Qg2 cxb3 24. Qg8+ Rxg8 1-0

[Event "Titled Tuesday intern op 04th Mar Early"]
[Site "Chess.com INT"]
[Date "2025.03.04"]
[Round "10"]
[White "Amangeldy, Ernur"]
[Black "Bozorov, Javokhir"]
[Result "1-0"]
[WhiteElo "2288"]
[BlackElo "2236"]
[PlyCount "125"]
[EventDate "2025.03.04"]
[EventType "swiss (blitz)"]
[EventRounds "11"]
[EventCountry "USA"]
[SourceTitle "CB11_2025"]
[SourceDate "2025.03.12"]
[SourceVersion "1"]
[SourceVersionDate "2025.03.12"]
[SourceQuality "1"]

1. d4 Nf6 2. Nc3 d5 3. Bf4 c5 4. e4 Nxe4 5. Nxe4 dxe4 6. dxc5 Qa5+ 7. c3 Qxc5 8. Qa4+ Nc6 9. Qxe4 g6 10. Nf3 Bg7 11. Rd1 Bf5 12. Qe3 Qxe3+ 13. Bxe3 0-0 14. Bb5 Rfc8 15. 0-0 a6 16. Bd3 Be6 17. a3 Bb3 18. Rd2 Rd8 19. Be4 Rxd2 20. Bxd2 e5 21. g4 Be6 22. g5 Rd8 23. Be3 Bd5 24. Bxd5 Rxd5 25. Nd2 Ne7 26. Ne4 Nf5 27. Kg2 Nxe3+ 28. fxe3 Kf8 29. Kf3 Ke7 30. Ke2 h6 31. c4 Rd8 32. h4 hxg5 33. hxg5 Rh8 34. c5 Rh2+ 35. Rf2 Rxf2+ 36. Kxf2 Ke6 37. b4 Bf8 38. Kf3 Be7 39. Kg4 Kd5 40. Nd2 f5+ 41. gxf6 Bxf6 42. Kf3 Be7 43. e4+ Kd4 44. Nb3+ Kc3 45. Na5 Bd8 46. Nxb7 Bc7 47. c6 Kc4 48. Nc5 Kb5 49. Ne6 Kxc6 50. Nxc7 Kxc7 51. a4 Kd6 52. Kg4 a5 53. bxa5 Kc6 54. Kg5 Kb7 55. Kxg6 Ka6 56. Kf5 Kxa5 57. Kxe5 Kxa4 58. Kd6 Kb5 59. e5 Kc4 60. e6 Kd4 61. e7 Kc4 62. e8Q Kd3 63. Qe5 1-0

[Event "Titled Tuesday intern op 04th Mar Early"]
[Site "Chess.com INT"]
[Date "2025.03.04"]
[Round "1"]
[White "Bozorov, Javokhir"]
[Black "Mogollon Tobar, Nicolle Juliet"]
[Result "1-0"]
[WhiteElo "2236"]
[BlackElo "2063"]
[PlyCount "91"]
[EventDate "2025.03.04"]
[EventType "swiss (blitz)"]
[EventRounds "11"]
[EventCountry "USA"]
[SourceTitle "CB11_2025"]
[SourceDate "2025.03.12"]
[SourceVersion "1"]
[SourceVersionDate "2025.03.12"]
[SourceQuality "1"]

1. e4 c6 2. d4 d5 3. Nc3 dxe4 4. Nxe4 Nf6 5. Nxf6+ exf6 6. Bc4 Bd6 7. Qe2+ Qe7 8. Qxe7+ Bxe7 9. Ne2 0-0 10. f3 Rd8 11. Kf2 Bf5 12. c3 Nd7 13. Bb3 Be6 14. Bc2 Nb6 15. Nf4 Bd7 16. Re1 Bd6 17. b3 c5 18. dxc5 Bxc5+ 19. Be3 Rac8 20. c4 Bxe3+ 21. Rxe3 Bc6 22. Rae1 g6 23. R1e2 a5 24. a4 Kg7 25. h4 f5 26. h5 Rd7 27. hxg6 hxg6 28. Nd3 Rd4 29. Ne5 Bd7 30. Rd3 Rxd3 31. Nxd3 Be6 32. Re5 Ra8 33. Rb5 Nd7 34. Rxb7 Kf6 35. Rb5 Rc8 36. Rxa5 Rb8 37. Rb5 Rc8 38. a5 f4 39. Nxf4 Ne5 40. Nxe6 fxe6 41. a6 Nc6 42. Be4 Nd4 43. a7 Nxb5 44. cxb5 Ke5 45. a8Q Rxa8 46. Bxa8 1-0

[Event "Titled Tuesday intern op 04th Mar Early"]
[Site "Chess.com INT"]
[Date "2025.03.04"]
[Round "9"]
[White "Bozorov, Javokhir"]
[Black "Postny, Evgeny"]
[Result "1-0"]
[WhiteElo "2236"]
[BlackElo "2538"]
[PlyCount "79"]
[EventDate "2025.03.04"]
[EventType "swiss (blitz)"]
[EventRounds "11"]
[EventCountry "USA"]
[SourceTitle "CB11_2025"]
[SourceDate "2025.03.12"]
[SourceVersion "1"]
[SourceVersionDate "2025.03.12"]
[SourceQuality "1"]

1. e4 e6 2. d4 d5 3. Nc3 Bb4 4. e5 Qd7 5. a3 Bxc3+ 6. bxc3 b6 7. Qg4 f5 8. Qg3 Ba6 9. Ne2 Nc6 10. h4 0-0-0 11. h5 Nh6 12. a4 Rdg8 13. f3 Nf7 14. Nf4 Bxf1 15. Kxf1 Na5 16. Kf2 Qc6 17. Bd2 Nc4 18. Bc1 a5 19. Nd3 Kb7 20. Bg5 Qe8 21. Bf4 Nd8 22. Bg5 Nc6 23. Nf4 Qf7 24. Qh3 Rc8 25. h6 g6 26. Bf6 Rhe8 27. Qg3 Nb8 28. Nh3 c5 29. Ng5 Qd7 30. Qf4 cxd4 31. cxd4 Nc6 32. c3 Nb8 33. Rhc1 Rc6 34. Bg7 Nb2 35. Qd2 Nc4 36. Qe2 Qe7 37. Nxh7 Qh4+ 38. Kg1 f4 39. Qf2 Qg5 40. Nxg5 1-0

[Event "Titled Tuesday intern op 04th Feb Early"]
[Site "Chess.com INT"]
[Date "2025.02.04"]
[Round "8"]
[White "Bozorov, Javokhir"]
[Black "Salimiyan, Behzad"]
[Result "1-0"]
[WhiteElo "2236"]
[BlackElo "2277"]
[PlyCount "89"]
[EventDate "2025.02.04"]
[EventType "swiss (blitz)"]
[EventRounds "11"]
[EventCountry "USA"]
[SourceTitle "CB07_2025"]
[SourceDate "2025.02.12"]
[SourceVersion "1"]
[SourceVersionDate "2025.02.12"]
[SourceQuality "1"]

1. e4 c6 2. Nf3 g6 3. d4 Bg7 4. Bd3 d5 5. e5 Bg4 6. Bd2 e6 7. c3 c5 8. h3 Bxf3 9. Qxf3 Nc6 10. Na3 cxd4 11. cxd4 a6 12. Nc2 Qb6 13. Bc3 Nge7 14. 0-0 0-0 15. Rfd1 Rac8 16. Rac1 Rc7 17. Qf4 Rfc8 18. g4 a5 19. a3 a4 20. Nb4 Nxb4 21. Bxb4 Nc6 22. Bd6 Rd7 23. Rc2 Rdd8 24. Bc5 Qb3 25. Qc1 b6 26. Rc3 bxc5 27. Rxb3 axb3 28. Qxc5 Nxe5 29. Qb5 Nf3+ 30. Kg2 Nxd4 31. Qb4 Rb8 32. Qd2 Nc2 33. Bxc2 bxc2 34. Qxc2 Rxb2 35. Qc7 Ra8 36. Rd3 Rf8 37. a4 Ra2 38. a5 Bf6 39. Qc5 Bd8 40. Ra3 Rxa3 41. Qxa3 Bc7 42. Qc5 Be5 43. a6 Ra8 44. Qb6 Kg7 45. a7 1-0

[Event "Titled Tuesday intern op 04th Feb Early"]
[Site "Chess.com INT"]
[Date "2025.02.04"]
[Round "11"]
[White "Bozorov, Javokhir"]
[Black "Vaishali, Ramesh Babu"]
[Result "1-0"]
[WhiteElo "2236"]
[BlackElo "2476"]
[PlyCount "213"]
[EventDate "2025.02.04"]
[EventType "swiss (blitz)"]
[EventRounds "11"]
[EventCountry "USA"]
[SourceTitle "CB07_2025"]
[SourceDate "2025.02.12"]
[SourceVersion "1"]
[SourceVersionDate "2025.02.12"]
[SourceQuality "1"]

1. e4 e5 2. Nf3 Nc6 3. Nc3 Nf6 4. d4 exd4 5. Nxd4 Nxe4 6. Nxe4 Qe7 7. f3 d5 8. Bb5 Bd7 9. Bxc6 bxc6 10. 0-0 dxe4 11. fxe4 0-0-0 12. Qf3 f6 13. Be3 Re8 14. Nb3 Qxe4 15. Qxe4 Rxe4 16. Bxa7 Bd6 17. Rae1 Ra4 18. Bd4 Rxa2 19. Ra1 Rxa1 20. Rxa1 Kb8 21. Nc5 Bxc5 22. Bxc5 Re8 23. Kf2 Bf5 24. c3 Rd8 25. Re1 h5 26. Bd4 Rd7 27. b4 Kb7 28. g3 Ka6 29. Ra1+ Kb7 30. Ra7+ Kb8 31. Ra5 Bg6 32. Ra1 Bf7 33. Re1 Kb7 34. Ra1 Bd5 35. Ra7+ Kb8 36. Ra1 Bc4 37. Re1 Kb7 38. Ra1 Re7 39. Re1 Rd7 40. Ra1 Rd5 41. Ra7+ Kb8 42. Ra5 Bb5 43. Ra2 Rf5+ 44. Ke3 Rf1 45. Rf2 Re1+ 46. Kf3 Kc8 47. h3 Kd7 48. g4 h4 49. g5 fxg5 50. Kg4 Rg1+ 51. Kh5 Rg3 52. Bxg7 Bf1 53. Rxf1 Rxh3 54. Bf6 Rg3 55. Bxg5 h3 56. Bf6 h2 57. Rh1 Rf3 58. Bd4 Rh3+ 59. Kg4 Rh7 60. Kg3 Kd6 61. Rxh2 Rf7 62. Rh6+ Kd5 63. Rh5+ Kd6 64. Kg4 Rf1 65. Rf5 Rh1 66. Rf6+ Kd5 67. Rf5+ Kd6 68. Kf4 Re1 69. Be3 Re2 70. Ke4 Rh2 71. Kd3 Rh3 72. Rf6+ Kd7 73. Kd4 Rh4+ 74. Bf4 Kc8 75. Rf7 Kb7 76. Ke4 Kb6 77. Rf5 Rh3 78. Be3+ Kb7 79. Kd3 Rh4 80. Re5 Rh3 81. Kc4 Rh4+ 82. Bd4 Rg4 83. Kc5 Rg6 84. Re7 Rg5+ 85. Be5 Ka6 86. Kxc6 Rg6+ 87. Kxc7 Rc6+ 88. Kd7 Kb5 89. Re6 Rc4 90. Rd6 Ka4 91. Rd5 Kb3 92. Rc5 Re4 93. b5 Ka4 94. b6 Re1 95. b7 Rd1+ 96. Kc7 Rb1 97. b8Q Rxb8 98. Kxb8 Kb3 99. Rc7 Kc2 100. c4 Kb3 101. c5 Kb4 102. Kb7 Kb5 103. c6 Kc4 104. Bf6 Kd5 105. Bd8 Kc5 106. Rd7 Kb5 107. c7 1-0

[Event "Titled Tuesday intern op 04th Feb Early"]
[Site "Chess.com INT"]
[Date "2025.02.04"]
[Round "5"]
[White "Svanda, Ondrej"]
[Black "Bozorov, Javokhir"]
[Result "0-1"]
[WhiteElo "2383"]
[BlackElo "2236"]
[PlyCount "62"]
[EventDate "2025.02.04"]
[EventType "swiss (blitz)"]
[EventRounds "11"]
[EventCountry "USA"]
[SourceTitle "CB07_2025"]
[SourceDate "2025.02.12"]
[SourceVersion "1"]
[SourceVersionDate "2025.02.12"]
[SourceQuality "1"]

1. Nf3 d5 2. g3 Bg4 3. Bg2 Nd7 4. d4 c6 5. 0-0 Ngf6 6. b3 e6 7. c4 Bd6 8. Bb2 0-0 9. Ne5 Bh5 10. Nd2 Qc7 11. f4 Bxe5 12. fxe5 Ng4 13. Rf3 f6 14. h3 Nh6 15. g4 Bg6 16. cxd5 cxd5 17. Rc1 Qb6 18. exf6 gxf6 19. Kh1 f5 20. g5 Nf7 21. h4 Bh5 22. Rd3 Nd6 23. Qe1 Ne4 24. Nxe4 fxe4 25. Rg3 Rf7 26. Bh3 Nf8 27. e3 Ng6 28. Rg1 Rf3 29. Bg2 Rf7 30. Ba3 Qa6 31. Bd6 Qxd6 0-1

[Event "Titled Tuesday intern op 28th Jan Early"]
[Site "Chess.com INT"]
[Date "2025.01.28"]
[Round "8"]
[White "Przybylski, Bartosz1"]
[Black "Bozorov, Javokhir"]
[Result "1-0"]
[WhiteElo "2090"]
[BlackElo "2236"]
[PlyCount "67"]
[EventDate "2025.01.28"]
[EventType "swiss (blitz)"]
[EventRounds "11"]
[EventCountry "USA"]
[SourceTitle "CB06_2025"]
[SourceDate "2025.02.05"]
[SourceVersion "1"]
[SourceVersionDate "2025.02.05"]
[SourceQuality "1"]

1. e4 c5 2. Nf3 d6 3. d4 cxd4 4. Nxd4 Nf6 5. Nc3 a6 6. Bg5 e6 7. f4 Be7 8. Qf3 Qc7 9. 0-0-0 Nbd7 10. g4 b5 11. Bxf6 Nxf6 12. g5 Nd7 13. f5 0-0 14. Rg1 b4 15. Nce2 e5 16. f6 exd4 17. fxe7 Re8 18. e5 Ra7 19. e6 fxe6 20. g6 hxg6 21. Qg4 Ne5 22. Qg3 Qxe7 23. Nf4 Qf6 24. Bd3 Nxd3+ 25. cxd3 e5 26. Nxg6 Bf5 27. Nh4 Bh7 28. Rdf1 Qh6+ 29. Kb1 Qe3 30. Rf3 Qd2 31. Ng6 Rc8 32. Rf2 Qh6 33. Qg4 Rac7 34. Qe6+ 1-0

[Event "Wch U14"]
[Site "Florianopolis"]
[Date "2024.11.03"]
[Round "6"]
[White "Breuil, Virgile"]
[Black "Bozorov, Javokhir"]
[Result "1-0"]
[WhiteElo "2202"]
[BlackElo "2012"]
[PlyCount "103"]
[EventDate "2024.10.29"]
[EventType "swiss"]
[EventRounds "11"]
[EventCountry "BRA"]
[SourceTitle "CB45_2024"]
[Source "ChessBase"]
[SourceDate "2024.11.06"]
[SourceVersion "1"]
[SourceVersionDate "2024.11.06"]
[SourceQuality "1"]

1. e4 c5 2. Nf3 d6 3. d4 cxd4 4. Nxd4 Nf6 5. Nc3 a6 6. h3 b5 7. g4 Bb7 8. Bg2 Qc7 9. 0-0 e6 10. Re1 Be7 11. a4 b4 12. Na2 h6 13. Nxb4 d5 14. Nxd5 exd5 15. exd5 0-0 16. Nf5 Bc5 17. b3 Qb6 18. Rf1 Nbd7 19. Bb2 Rfe8 20. c4 Ne5 21. a5 Qd8 22. Re1 Ng6 23. b4 Rxe1+ 24. Qxe1 Bf8 25. Rd1 Nf4 26. Bf1 Bc8 27. Qe3 Bxf5 28. Qxf4 Bc2 29. Rd2 Ba4 30. c5 Qe7 31. d6 Qe1 32. Qe3 Qb1 33. Qd3 Qe1 34. Qe2 Qb1 35. Bxf6 gxf6 36. Rb2 Qg6 37. Qd3 Qxd3 38. Bxd3 f5 39. Bxf5 Bg7 40. Re2 Bc3 41. c6 Bxc6 42. Rc2 Rd8 43. Rxc3 Rxd6 44. Bd3 Bd7 45. Be2 f5 46. Rd3 Re6 47. Rxd7 Rxe2 48. gxf5 Re4 49. Rd6 h5 50. Rxa6 Rxb4 51. Ra8+ Kg7 52. Ra6 1-0